000 00865cab a2200229 4500
001 ABS39782
008 090401t1988 xxu||||| |||| 00| 0 eng d
035 _a(Sirsi) u18946
041 _aeng
100 _aAllman, I.
245 _aSignificant items estimating
260 _c1988
350 _a0
490 _aChartered Quantity Surveyor
_v11(1) September 1988, 24-25(2)
520 _aDescribes the Significant Items Estimating System developed by the PSA . Originally developed in 1983, it has since been refined and updated with a new version published in 1987. This article reviews the 1987 version, looking at the background to development, methodology involved and plans for the future.
650 _aBILLS OF QUANTITIES
650 _aCOMPUTERS
650 _aESTIMATING
690 _aQuantity surveying
_96263
942 _n0
948 _c04/03/1997
999 _c12604
_d12604